00426nam a2200145Ia 4500001001000000003000500010008004100015010001100056040000900067245009000076260004800166300001000214650001200224700004400236Para_6583CHAP220125s1999 xx 000 0 und d a205109 cCHAP aTrees for Rovisiana lanscapes a handbook /c by Lousiana Cooperativ Extension Service aLouisiana :b Univerity Agricultural Center a67 p. aArboles aLouisiana Cooperative Extension Service